<?xml version="1.0" encoding="UTF-8"?>
<record
    xmlns:xsi="http://www.w3.org/2001/XMLSchema-instance"
    xsi:schemaLocation="http://www.loc.gov/MARC21/slim http://www.loc.gov/standards/marcxml/schema/MARC21slim.xsd"
    xmlns="http://www.loc.gov/MARC21/slim">

  <leader>03871nam a22003617a 4500</leader>
  <datafield tag="999" ind1=" " ind2=" ">
    <subfield code="c">21784</subfield>
    <subfield code="d">21784</subfield>
  </datafield>
  <controlfield tag="003">AR-CdUCM</controlfield>
  <controlfield tag="008">190425b           ||||| |||| 00| 0 spa d</controlfield>
  <datafield tag="040" ind1=" " ind2=" ">
    <subfield code="a">MUNICIPALIDAD PROVINCIAL DEL CUSCO</subfield>
    <subfield code="c">BIBLIOTECA MUNICIPAL DEL CUSCO</subfield>
  </datafield>
  <datafield tag="082" ind1=" " ind2=" ">
    <subfield code="a">Rev.Univ/N&#xB0;135/1993</subfield>
  </datafield>
  <datafield tag="110" ind1=" " ind2=" ">
    <subfield code="a">Universidad Nacional de San Antonio Abad del Cusco</subfield>
    <subfield code="9">15942</subfield>
  </datafield>
  <datafield tag="245" ind1=" " ind2=" ">
    <subfield code="a">Revista Universitaria :</subfield>
    <subfield code="b">&#xD3;rgano de la Universidad del Cuzco /</subfield>
  </datafield>
  <datafield tag="260" ind1=" " ind2=" ">
    <subfield code="a">Cusco :</subfield>
    <subfield code="b">Universidad Nacional de San Antonio Abad del Cusco,</subfield>
    <subfield code="c">1993.</subfield>
  </datafield>
  <datafield tag="300" ind1=" " ind2=" ">
    <subfield code="a">414 p&#xE1;ginas. :</subfield>
    <subfield code="c">20 cm.</subfield>
  </datafield>
  <datafield tag="440" ind1=" " ind2=" ">
    <subfield code="a">Revista Universitaria</subfield>
    <subfield code="n">A&#xF1;o ?, 1993, N&#xB0;135.</subfield>
    <subfield code="9">46094</subfield>
  </datafield>
  <datafield tag="505" ind1=" " ind2=" ">
    <subfield code="a">Contenido: La universidad y su tricentenario. Armando Harvey Valencia. -- El arado andino. Oscar Ladr&#xF3;n de Guevara. -- Tecnolog&#xED;a del carrizo. Jos&#xE9; Felipe Azpilcueta Carbonell. -- Comportamiento de las maquinas el&#xE9;ctricas sobre los 3000 msnm. Jorge Chinchihualpa Gonzales. -- Evaluaci&#xF3;n de los recursos hidroel&#xE9;ctricos en la Regi&#xF3;n Inca. Yurin Palomino Cusipaucar. -- Estudio Micro t&#xE9;cnico de la cuenca de Piuray para la determinaci&#xF3;n de las facturas de la filtraci&#xF3;n de aguas de la laguna de Piuray Chinchero Urubamba Cusco. R&#xF3;mulo Escobedo Zapana. -- Impacto ambiental que producir&#xE1; la explotaci&#xF3;n del gas de Camisea. Carlos Echegaray Adri&#xE1;n. -- Industrializaci&#xF3;n de los lodos sanitarios por el m&#xE9;todo de biodegradaci&#xF3;n aerobia.  Mirian Salas del Pino. -- Contaminaci&#xF3;n Qu&#xED;mica del agua potable y una posible alternativa de purificaci&#xF3;n. Mario Cumpa Cayuri. -- Importancia de la fauna en la Regi&#xF3;n Inka. Jos&#xE9; Luis Venero. -- Orqu&#xED;deas andinas del valle sagrado de los Inkas. Washinton Galiano S&#xE1;nchez. -- Morfolog&#xED;a f&#xE1;lica y cariolog&#xED;a preliminar en la langosta peruana. Jara Moscoso. --  Introducci&#xF3;n al estudio sobre el significado de los nombres Kechuas de las plantas. Felipe Mar&#xED;n Moreno. -- Aspectos del desarrollo de la gen&#xE9;tica y responsabilidad &#xE9;tico moral. Claudio Rodr&#xED;guez Suca. -- Heterogeneidad etiol&#xF3;gica en cinco casos de hendidura labial o palatina. Gudiel Hermoza. -- S&#xED;ntesis de la ense&#xF1;anza de la medicina. Humberto Covarrubias Campana. -- Estado o Regi&#xF3;n. Oscar Paredes Pando. -- La familia en el Per&#xFA; algunos rasgos importantes. Rina Cornejo Mu&#xF1;oz. -- Ch&#xB4;equesqa y Taqe dispersi&#xF3;n y concentraci&#xF3;n en el pensamiento andino sobre el manejo de su ambiente. Washinton Rozas &#xC1;lvarez. -- Propuesta de un marco conceptual para el estudio de la medicina tradicional andina. Aurelio Carmona Cruz. -- Pintura mural cuzque&#xF1;a del siglo XX. Jorge Flores Ochoa. -- Algo m&#xE1;s sobre la fundaci&#xF3;n de San Antonio Abad. Horacio Villanueva Urteaga. -- Necesidad de la comunicaci&#xF3;n interpersonal para conservaci&#xF3;n de la unidad familiar. Juvenal Pacheco Farf&#xE1;n. -- Los peruanismos en los Heraldos Negros. Julio Galdo Bellota. -- Miguel Hern&#xE1;ndez el poeta desconocido. Gustavo P&#xE9;rez Ocampo. -- Apuntes para un estudio sem&#xE1;ntico de los Comentarios Reales de los Incas. Cesar Elguera Barrios. -- &#xCD;ndole Herencia. Julio Miranda Bernal. -- Proyecto del parque Tricentenario. V&#xED;ctor Ribero Luque. -- Breve biograf&#xED;a de Iv&#xE1;n P&#xE9;rez Ruibal Rodr&#xED;guez. </subfield>
  </datafield>
  <datafield tag="650" ind1=" " ind2=" ">
    <subfield code="a">Antropolog&#xED;a cusque&#xF1;a</subfield>
    <subfield code="9">45862</subfield>
  </datafield>
  <datafield tag="650" ind1=" " ind2=" ">
    <subfield code="a">Medicina tradicional</subfield>
    <subfield code="9">14646</subfield>
  </datafield>
  <datafield tag="650" ind1=" " ind2=" ">
    <subfield code="a">Comunidades campesinas</subfield>
    <subfield code="9">2214</subfield>
  </datafield>
  <datafield tag="650" ind1=" " ind2=" ">
    <subfield code="a">Folklore cusque&#xF1;o</subfield>
    <subfield code="9">8693</subfield>
  </datafield>
  <datafield tag="650" ind1=" " ind2=" ">
    <subfield code="a">Pintura mural</subfield>
    <subfield code="9">7581</subfield>
  </datafield>
  <datafield tag="650" ind1=" " ind2=" ">
    <subfield code="a">Pintura cusque&#xF1;a</subfield>
    <subfield code="9">7254</subfield>
  </datafield>
  <datafield tag="700" ind1=" " ind2=" ">
    <subfield code="a">Ruiz de Castilla Mar&#xED;n, Mario</subfield>
    <subfield code="9">22126</subfield>
  </datafield>
  <datafield tag="700" ind1=" " ind2=" ">
    <subfield code="a">Harvey Valencia, Armando</subfield>
    <subfield code="9">13164</subfield>
  </datafield>
  <datafield tag="700" ind1=" " ind2=" ">
    <subfield code="a">Ladron de Guevara, Oscar</subfield>
    <subfield code="9">46095</subfield>
  </datafield>
  <datafield tag="700" ind1=" " ind2=" ">
    <subfield code="a">Azpilcueta Carbonell, Jos&#xE9; Felipe</subfield>
    <subfield code="9">46096</subfield>
  </datafield>
  <datafield tag="700" ind1=" " ind2=" ">
    <subfield code="a">Mar&#xED;n Moreno, Felipe</subfield>
    <subfield code="9">46018</subfield>
  </datafield>
  <datafield tag="700" ind1=" " ind2=" ">
    <subfield code="a">Flores Ochoa, Jorge</subfield>
    <subfield code="9">2915</subfield>
  </datafield>
  <datafield tag="700" ind1=" " ind2=" ">
    <subfield code="a">Cornejo Mu&#xF1;oz, Rina</subfield>
    <subfield code="9">46097</subfield>
  </datafield>
  <datafield tag="700" ind1=" " ind2=" ">
    <subfield code="a">Villanueva Urteaga, Horacio</subfield>
    <subfield code="9">5790</subfield>
  </datafield>
  <datafield tag="710" ind1=" " ind2=" ">
    <subfield code="a">Universidad Nacional de San Antonio Abad del Cusco</subfield>
    <subfield code="9">15942</subfield>
  </datafield>
  <datafield tag="942" ind1=" " ind2=" ">
    <subfield code="2">ddc</subfield>
    <subfield code="c">PP</subfield>
  </datafield>
  <datafield tag="945" ind1=" " ind2=" ">
    <subfield code="a">rac</subfield>
  </datafield>
  <datafield tag="952" ind1=" " ind2=" ">
    <subfield code="0">0</subfield>
    <subfield code="2">ddc</subfield>
    <subfield code="4">0</subfield>
    <subfield code="7">0</subfield>
    <subfield code="a">HEM</subfield>
    <subfield code="b">HEM</subfield>
    <subfield code="c">CART</subfield>
    <subfield code="d">2021-07-22</subfield>
    <subfield code="g">10.00</subfield>
    <subfield code="o">Rev.Univ/N&#xB0;135/1993</subfield>
    <subfield code="p">REVC000220</subfield>
    <subfield code="r">2021-07-22</subfield>
    <subfield code="y">PP</subfield>
  </datafield>
  <datafield tag="952" ind1=" " ind2=" ">
    <subfield code="0">0</subfield>
    <subfield code="2">ddc</subfield>
    <subfield code="4">0</subfield>
    <subfield code="7">0</subfield>
    <subfield code="a">HEM</subfield>
    <subfield code="b">HEM</subfield>
    <subfield code="c">CART</subfield>
    <subfield code="d">2021-07-22</subfield>
    <subfield code="g">10.00</subfield>
    <subfield code="o">Rev.Univ/N&#xB0;135/1993/e.2</subfield>
    <subfield code="p">REVC000221</subfield>
    <subfield code="r">2021-07-22</subfield>
    <subfield code="y">PP</subfield>
  </datafield>
  <datafield tag="952" ind1=" " ind2=" ">
    <subfield code="0">0</subfield>
    <subfield code="2">ddc</subfield>
    <subfield code="4">0</subfield>
    <subfield code="7">0</subfield>
    <subfield code="a">HEM</subfield>
    <subfield code="b">HEM</subfield>
    <subfield code="c">CART</subfield>
    <subfield code="d">2021-07-22</subfield>
    <subfield code="g">10.00</subfield>
    <subfield code="o">Rev.Univ/N&#xB0;135/1993/e.3</subfield>
    <subfield code="p">REVC000899</subfield>
    <subfield code="r">2021-07-22</subfield>
    <subfield code="y">PP</subfield>
  </datafield>
</record>
